• 首页
  • 本馆介绍
  • 公告通知
  • 最新文献
  • 馆藏检索
  • 电子资源
  • 读者导购
  • 参考咨询
  • 我的图书馆
  • 登录
  • 详细信息显示
  • 放入我的书架
  • 预约/预借图书
  • 作者相关作品
  • 分类相关作品
  • 丛书相关作品
  • 出版社相关作品

书目信息

  • 表格格式
  • 工作单格式
  • 卡片格式
题名:
成都
    
 
作者: 何苗苗 , 袁亮 编 ;澳大利亚Lonely Planet公司 编
分册:  
出版信息: 北京   中国地图出版社  2019.5
页数: 255页
开本: 20cm
丛书名:
单 册:
中图分类: K928.971.1
科图分类:
主题词: 旅游指南--lv you zhi nan--四川省--成都市
电子资源:
ISBN: 978-7-5204-1077-9
000 01285nam0 2200289 450
001 2131746039
005 20211003090154.02
010    @a978-7-5204-1077-9@dCNY79.00
100    @a20190921d2019 em y0chiy50 ea
101 0  @achi
102    @aCN@b110000
105    @aab z 001yy
106    @ar
200 1  @a成都@Acheng du@f何苗苗,袁亮编@g澳大利亚Lonely Planet公司编
205    @a2版
210    @a北京@c中国地图出版社@d2019.5
215    @a255页@c彩图,地图@d20cm
300    @aLonely planet "IN"系列
320    @a有索引(第246-247页)
330    @a“和我在成都的街头走一走,直到所有的灯都熄灭了也不停留......”赵雷的一首《成都》让这座中国西南部地区首屈一指的大都会走进了无数游人的心间。时隔三年,Lonely Planet的两位作者再次出发,带你游遍这座“来了就走不脱”的网红城市,追忆蓉城三千年的沉浮往事,找寻那些深藏于破旧居民楼中的“苍蝇馆子”,体验最“巴适”的当地生活。更有成都周边章节,将青城山、都江堰、西岭雪山、峨眉山等成都周边景区一网打尽,串联出各种动静皆宜的新玩法。
606 0  @a旅游指南@Alv you zhi nan@y四川省@y成都市
690    @aK928.971.1@v5
701  0 @a何苗苗@Ahe miao miao@4编
701  0 @a袁亮@Ayuan liang@4编
712 02 @a澳大利亚Lonely Planet公司@Aao da li ya Lonely Planetgong si@4编
801  0 @aCN@b百万庄@c20210929
905    @b1303654-57@dK928.971.1@e1180=2@f4
    
    成都/何苗苗,袁亮编/澳大利亚Lonely Planet公司编.-2版.-北京:中国地图出版社,2019.5
    255页:彩图,地图;20cm
    Lonely planet "IN"系列
    
    ISBN 978-7-5204-1077-9:CNY79.00
    “和我在成都的街头走一走,直到所有的灯都熄灭了也不停留......”赵雷的一首《成都》让这座中国西南部地区首屈一指的大都会走进了无数游人的心间。时隔三年,Lonely Planet的两位作者再次出发,带你游遍这座“来了就走不脱”的网红城市,追忆蓉城三千年的沉浮往事,找寻那些深藏于破旧居民楼中的“苍蝇馆子”,体验最“巴适”的当地生活。更有成都周边章节,将青城山、都江堰、西岭雪山、峨眉山等成都周边景区一网打尽,串联出各种动静皆宜的新玩法。
●
相关链接 在E读中查询图书 在五车中查询图书 在当当中查询图书 在豆瓣中查询图书


正题名:成都     索取号:K928.971.1/1180=2         预约/预借

序号 登录号 条形码 馆藏地/架位号 状态 备注
1 1303654   213036542   第二样本阅览室/ [索取号:K928.971.1/1180=2] 在馆    
2 1303655   213036551   第二借阅区/ [索取号:K928.971.1/1180=2] 在馆    
3 1303656   213036560   第二借阅区/ [索取号:K928.971.1/1180=2] 已借出,限还日期为2026.08.12
借出人:王晗  
 
4 1303657   213036579   第二借阅区/ [索取号:K928.971.1/1180=2] 在馆    
唐山师范学院图书馆 欢迎您!
大连网信软件有限公司© 版权所有